000 00563nam a22001817a 4500
999 _c512291
_d512291
003 NUST
005 20181018064830.0
008 181018b ||||| |||| 00| 0 eng d
020 _a0
038 _aSNS Library
082 _a531 NEW 1947
100 _aSir Isaac Newton's
_912364
245 _aMathematical Principles
_bOff Natural Philosophy and his system of the world
_cSir Isaac Newton's
260 _bUniversity of California Press
_c1947
_aBerkeley, California
300 _a680 p.
_bHB.
440 _aMathematical Principles
_912365
942 _2ddc
_cBK